000 00747nam a2200217 i 4500
001 172541
003 ES-MaACL
005 20250709071004.0
008 090716s1947 fr |||| | fre d
080 _a165
100 1 _aHume, David,
_d1711-1776
_964719
245 1 0 _aEnquête sur l'entendement humain /
_cHume ; traduction, préface et notes de André Leroy.
260 _aParis :
_bAubier, Éditions Montaigne,
_c1947.
300 _a222 p. ;
_c19 cm.
490 1 _aBibliothèque philosophique
650 4 _aEpistemología.
_912338
700 1 _aLeroy, André-Louis
_9161431
830 0 _aBibliothèque philosophique
_9184873
852 _aES-MaACL
_jE-12858
_z.- Biblioteca Jacinto Martínez Lacalle
999 _c172541
_d172541